000 00560nam a22002297a 4500
003 UA-OsUOA
001 24938
007 ta
008 20040305b un ||||| |||| 00| 0 ukr d
090 _a343.22(477)
_bМ75
942 _cBK
040 _aUA-OsUOA
_bukr
_cUA-OsUOA
_dUA-OsUOA
245 _aМолодь і право (інформаційний випуск № 1)
_cВ.Л.Рябіка
300 _a35 с.
955 _a0
041 _aukr
080 _a343.22(477)
260 _aКиїв
_c2000
044 _aUA
650 7 _2UDC
999 _c311224
_d311224